000
00330cam a2200133ua 4500
041
_a
hin
_h
082
_a
891.54
_b
RAH/ME
100
_a
Rahul sankrityan, .
245
_a
Meriyathrajeevan /
_c
Rahul sansrityan.
_h
Textual Documents
260
_a
:
_b
Kitab Mahal ,
_c
1950.
300
_a
783 ; .
504
_a
999
_c
11965
_d
11965